000 00406nam a2200181Ia 4500
001 10460
005 20260306161834.0
008 260306t1965||||xx |||||||||||||| ||spa||
041 _aESP
082 _a930
_bG356
100 _aGlover, T. R.
_eAUT
245 0 _aEl mundo antiguo
260 _c1965
300 _a391 páginas :
_c18 cm.
650 _aGEN
654 _aCHU
942 _cLIB
_dJUS
_fJUS
_2ddc
_n
999 _c10460
_d10460